Call Of Duty Black Ops 3 Zombies - Statistics

General Stats
  • This quiz has been taken 4,005 times
  • The average score is 5 of 7
Answer Stats
Hint Answer % Correct
The 3 headed creature that tries to kill you Margwa
89%
In order to active the pack a punch in shadows of evil you must do 4 what Rituals
88%
The Bonus map that comes with the season pass The Giant
88%
To active the power on the perks and stairs you must become The beast
75%
The name of the city that shadows of evil is based in Morg City
72%
The name of the new machine gun in shadows of evil Bootlegger
60%
The man that talks to the characters in shadows of evil The shadow man
59%
No matching quizzes found
Score Distribution
Percent of People with Each Score
Percentile by Number Answered
Your Score History
You have not taken this quiz